| 000 | 01117nam a2200325 a 4500 | ||
|---|---|---|---|
| 001 | 21826 | ||
| 003 | BD-RjUL | ||
| 005 | 20211209000732.0 | ||
| 008 | 140305r1984 nyu b 000 1 eng | ||
| 020 | _a0394532929 | ||
| 035 | _a(BD-RjUL)21891 | ||
| 040 |
_aDLC _cDLC _dBD-RjUL _beng |
||
| 041 | _aeng | ||
| 082 | 0 | 0 |
_a823.914 _219 _bROP 1984 |
| 100 | 1 |
_aRobinson, Derek, _d1932 April 12- _q Derek Robinson. _967381 |
|
| 245 | 1 | 0 |
_aPiece of cake : _ba novel / _cby Derek Robinson. |
| 250 | _a1st American ed. | ||
| 260 |
_aNew York : _bKnopf : _bDistributed by Random House, _c1984. |
||
| 300 |
_a569 p. : _c24 cm. |
||
| 504 | _aBibliography: p. [565]-569. | ||
| 610 | 1 | 0 |
_aGreat Britain. _bRoyal Air Force _920107 |
| 650 | 0 |
_aWorld War, 1939-1945 _xAerial operations, British _vFiction. _967382 |
|
| 650 | 0 |
_aBritain, Battle of, Great Britain, 1940 _vFiction. _967383 |
|
| 650 | 0 |
_aWorld War, 1939-1945 _zGreat Britain _vFiction. _967384 |
|
| 650 | 0 |
_aAir pilots, Military _vFiction. _967385 |
|
| 655 | 7 |
_aWar stories. _2gsafd _967388 |
|
| 942 |
_2ddc _cBK |
||
| 999 |
_c21826 _d21826 |
||